01219nab a22002777a 4500999001500000003000400015005001700019008004100036040000700077100004000084245019300124260004200317300001300359500003700372505011100409505008900520650002600609650002900635650003200664650002200696650002300718650003900741700002800780773012000808942001300928 c6472d6472OSt20260210092822.0190506c xxu||||| |||| 00| 0 spa d cPJ 97091aCaporiccio, Francisco Vicente10aDel "fastidio procesal" a la justicia eficiente. Apuntes para una transición posible /cFrancisco Vicente Caporiccio, Martina Perugini, Alejo Facundo Regules, Florencia Evé Vidaurreta. aBuenos Aires :bAbeledoPerrot,c2025. ap. 38-42 aCita: TR LALEY AR/DOC/230/2025.  aSumario: I. Introducción.— II. ¿De dónde partimos?— III. ¿Qué proponemos?— IV. Conclusión. t¿Te interesa el texto completo? Comunicate al correo: koha@justierradelfuego.gov.ar 091316aDERECHO LABORAL 09289aCONTRATO DE TRABAJO 0aPROCEDIMIENTO LABORAL91514 0aTELETRABAJO94439 0aFIRMA DIGITAL9282 0aNOTIFICACIÓN ELECTRÓNICA95390 97092aPerugini, Martina0 0275193202dBuenos Aires : AbeledoPerrot, 2013-tRevista de derecho laboral y seguridad social. Nº 6 - Marzo 2025 2udccANA